|
|
|
|
| LEADER |
00000nab#a22000007a#4500 |
| 001 |
arbauad039066 |
| 003 |
AR-BaUAD |
| 005 |
20250711113042.0 |
| 008 |
990817|||||||||###||||||b###|0###a|spa|| |
| 040 |
|
|
|a AR-BaUAD
|c AR-BaUAD
|b spa
|
| 100 |
|
|
|a Larcher, Jérôme
|
| 245 |
|
|
|a Bientôt sur vos petits écrains /
|c Jérôme Larcher;
|
| 653 |
|
|
|a TELEVISION
|
| 653 |
|
|
|a FESTIVALES
|
| 653 |
|
|
|a FESTIVAL DE GINEBRA
|
| 653 |
|
|
|a SUIZA
|
| 653 |
|
|
|a GINEBRA
|
| 653 |
|
|
|a FESTIVAL TOUT ECRAN
|
| 653 |
|
|
|a LARGOMETRAJES
|
| 653 |
|
|
|a SERIES
|
| 773 |
0 |
|
|t CAHIERS DU CINEMA
|g no. 529 [nov. 1998], p. 18-19
|
| 942 |
|
|
|c ARTI
|
| 952 |
|
|
|0 0
|1 0
|4 0
|7 0
|9 83985
|a AR-BAuAD
|b AR-BAuAD
|d 2025-07-11
|l 0
|p AAQA039066
|r 2025-07-11 11:30:42
|w 2025-07-11
|y ARTI
|
| 990 |
|
|
|a C199
|b TD
|
| 998 |
|
|
|a AAQ
|b BIBUN76
|
| 999 |
|
|
|c 63658
|d 63658
|